[Event "Metz op 30th"]
[Site "Metz"]
[Date "2012.04.17"]
[Round "6"]
[White "Lalic, Bogdan"]
[Black "Gurevich, Mikhail"]
[Result "1/2-1/2"]
[WhiteElo "2465"]
[BlackElo "2611"]
[Annotator "Metz Alekhine/Primel,D"]
[PlyCount "110"]
[EventDate "2012.04.14"]
[EventType "swiss"]
[EventRounds "9"]
[EventCountry "FRA"]
[SourceTitle "EXT 2013"]
[Source "ChessBase"]
[SourceDate "2012.11.22"]
[SourceVersion "1"]
[SourceVersionDate "2012.11.22"]
[SourceQuality "1"]

1. d4 d5 2. c4 c6 3. Nf3 Nf6 4. Nc3 e6 5. g3 {Retombe sur une Catalane dont le
GMI est un spécialiste} Nbd7 (5... dxc4 {La ligne critique} 6. Bg2 b5 7. Ne5
Nd5 8. O-O (8. a4) (8. e4)) 6. Qd3 {[%cal Gd3c4]} (6. Bg2 Be7 7. O-O O-O 8. Bf4
Nh5 9. Bc1 Nhf6 10. b3 b6 11. Bb2 Ba6 12. Nd2 Rc8 13. a3 Re8 14. Re1 c5 15.
dxc5 Nxc5 16. cxd5 exd5 17. b4 Ne6 18. Qa4 Bb7 19. Rac1 a6 20. e3 b5 21. Qb3
Qb6 22. Ne2 Ne4 23. Nf3 a5 24. bxa5 Qxa5 25. Nf4 Nxf4 26. gxf4 Nc5 27. Qd1 Na4
28. Ba1 Bxa3 29. Qd4 Bf8 30. Ne5 b4 31. Bh3 Rxc1 32. Rxc1 Nc3 33. Bxc3 bxc3 34.
Qxc3 Qxc3 35. Rxc3 Bd6 {Cheparinov,I (2681)-Fressinet,L (2714) Istanbul 2012 1/
2-1/2 (69)}) 6... b6 7. Bg2 Ba6 $1 {[%csl Rd3]} 8. b3 Rc8 (8... Be7) 9. O-O (9.
a4 $5 c5 10. Nb5) 9... c5 10. Nb5 Bxb5 11. cxb5 {[%csl Gc6]} Bd6 12. Bb2 O-O
13. Rac1 Ne4 14. Ne5 {[%cal Ge5c6]} f5 15. Nc6 $36 Qg5 16. f3 Nef6 (16... Nxg3
17. f4 $1 (17. hxg3 Bxg3)) 17. e4 $5 (17. e3 {Plus souple}) 17... fxe4 18. fxe4
Qg6 (18... Nxe4 19. Bxe4 dxe4 20. Qxe4 $14 {[%csl Gb2,Re6]}) 19. Qe2 (19. Nxa7
dxe4 20. Qc4 $13 {[%csl Re6]}) 19... Nxe4 20. Bxe4 dxe4 21. Rfe1 a6 22. Qxe4 {
(=)} Qxe4 23. Rxe4 axb5 24. Rxe6 Rxc6 25. d5 {[%csl Gb2][%cal Gb2g7] La pointe
qui regagne la pièce} Be5 (25... Rc7 $5 {Moins risqué mais c'est aussi un peu
passif} 26. Rxd6 Ra7 {[%csl Ra2]} 27. a3 $11) 26. dxc6 Bxb2 27. Rd1 $36 (27.
Rc2 $143 Bd4+) 27... Nb8 28. c7 $36 Na6 29. Rc6 (29. Rd7 $142 {[%csl Ra6] Plus
actif et les Blancs commençaient а avoir des réelles chances notamment а cause
de la mauvaise position du N} Bd4+ 30. Kg2 {[%csl Ra6,Rb6]} h5 (30... Rc8 31.
Rd8+) 31. Rxb6 Nxc7 32. Rxc7 Rf2+ 33. Kh3 Rxa2 34. Rxb5 $16 {[%cal Gc7d7,Gb3b4]
}) 29... Nxc7 $1 30. Rxc7 Bd4+ {[%csl Gd4]} 31. Kh1 (31. Kg2 $5 {[%cal Gg2h3]
La transposition en finale de R qui aura lieu quelques coups plus tard aurait
été plus favorable pour les Blancs avec un K non coupé} Rf2+ 32. Kh3 Rxa2 33.
Rb7 (33. Re1 h5) 33... Rb2 34. Rd3 b4) 31... Rf2 32. Rc6 Rxa2 33. Rxb6 b4 34.
Rxb4 {Transpose en finale de R mais le K Blanc est coupé et la R Noire sera
plus active.} cxb4 35. Rxd4 Rb2 36. Rxb4 {[%csl Gb2,Rb4]} h5 {[%csl Gg8,Rh1]
[%cal Gg8h7] La différence d'activité des deux K doit donner des bonnes
chances de nulle aux Noirs} 37. h4 $1 Kh7 38. Rb5 Kg6 (38... g6 $2 39. Rb7+ Kh6
40. b4) 39. Kg1 Kf6 $1 {Evite un échec intermédaire Rg5 qui aurait protégé le
P"g3" pour permettre d'avancer le K Blanc vers l'aile-dame} 40. Kf1 g6 41. b4
Ke6 42. Rg5 Rxb4 43. Rxg6+ Kf7 44. Rg5 Rg4 $5 {Une décision surprenante mais
le P passé "h" n'est pas un trés bon candidat} 45. Rxg4 hxg4 46. Ke2 Ke6 {
Recherchant l'opposition а distance} 47. Kd3 (47. Kd2 $5 {L'idée est de lutter
pour gagner l'opposition tout en éloignant le K Noir du carré} Kd6 (47... Kd5
$2 48. Kd3) 48. Kc2 Ke6 (48... Kc6 {Sortant du carré} 49. h5 $18) 49. Kb2 (49.
Kc3 Ke5) 49... Kd6) 47... Kd5 48. Kc3 Ke5 49. Kb4 Kd4 50. Ka3 $1 Ke5 51. Ka4
Ke4 52. Ka5 $1 Ke5 53. Ka6 Ke6 54. Ka7 Ke7 55. Kb6 Kd6 {Gagnant l'opposition}
1/2-1/2

[Event "EU-ch (Women) 18th"]
[Site "Riga"]
[Date "2017.04.22"]
[Round "11"]
[White "Pogonina, Natalija"]
[Black "Dzagnidze, Nana"]
[Result "1/2-1/2"]
[WhiteElo "2478"]
[BlackElo "2528"]
[Annotator "Mikhalchishin,A"]
[PlyCount "74"]
[EventDate "2017.04.11"]
[EventType "swiss"]
[EventRounds "11"]
[EventCountry "LAT"]
[SourceTitle "CBM 178"]
[Source "ChessBase"]
[SourceDate "2017.05.14"]
[SourceVersion "1"]
[SourceVersionDate "2017.05.14"]
[SourceQuality "1"]

{[%mdl 2]} {This was the key game of the last round. Pogonina could become
European Champion if she would beat the leader!} 1. d4 d5 2. c4 e6 3. Nf3 Nf6
4. g3 Bb4+ 5. Bd2 Bd6 6. Nc3 O-O 7. Bg5 c6 8. Bg2 h6 ({A playable line here is
} 8... Nbd7 9. e4 dxe4 10. Nxe4 Bb4+ 11. Bd2 (11. Nc3 h6 12. Bd2 e5 13. dxe5
Re8 14. Bf4 g5 15. O-O gxf4 16. exf6 Bxc3 17. bxc3 Qxf6 18. Qd4 Qxd4 19. cxd4
Nb6 20. c5 Nd5 {Bosiocic,M (2610)-Baron,T (2528) Karlsruhe GER 2017, with
chances to equalise.}) 11... Bxd2+ 12. Nexd2 e5 13. dxe5 Re8 14. O-O Nxe5 15.
Nxe5 Rxe5 16. Nf3 Re8 {1/2 (16) Goryachkina,A (2452)-Dzagnidze,N (2528) Riga
LAT 2017}) 9. Bxf6 Qxf6 10. O-O ({It seems to be quite logical to play in the
centre:} 10. e4 dxe4 11. Nxe4 Bb4+ 12. Ke2 Qe7 13. Qb3 f5 14. Nc3 c5 15. Rhd1
Nc6 16. a3 Ba5 17. dxc5 e5 18. Nd5 Qf7 {Inarkiev,E (2732)-Giri,A (2756)
Dresden GER 2017, and the position is terribly sharp.}) 10... Bc7 (10... Qd8
11. e4 dxc4 12. Nd2 e5 13. Nxc4 exd4 14. Qxd4 Bc7 15. Qxd8 Rxd8 16. Rfd1 Rxd1+
17. Rxd1 Na6 18. Nd6 Bg4 19. f3 Rd8 20. Nf5 Rxd1+ 21. Nxd1 Bxf5 22. exf5 Nb4 {
Gledura,B (2500)-Bluebaum,M (2589) Karpacz 2015, and Black got a good endgame.}
) 11. e4 $5 {The direct approach. Softer ways were possible too:} (11. Qb3 a5
12. a3 a4 13. Qa2 b6 14. Rfe1 Bb7 15. e4 $36) (11. Qd3 Nd7 12. Nd2 Rd8 13. e3
Qe7 14. Qc2 Nf6 15. Rad1 e5 16. cxd5 cxd5 17. dxe5 Bxe5 18. Nb3 Be6 19. Nd4
Rac8 {Sebenik,M (2530)-Lenic,L (2624) Bled 2016, with a typical Isolani
position.}) 11... dxc4 12. e5 Qe7 13. Qe2 ({It was also possible to develop an
initiative after the pawn sac in a different way:} 13. Nd2 Rd8 14. Nxc4 Qb4 15.
Qd3 b5 16. Nd6 Bxd6 17. exd6 Rxd6 18. a3 Qa5 19. Rfc1 $44) 13... b5 14. a4 ({
The recapture of the pawn promised nothing:} 14. Nxb5 cxb5 15. Nd2 Nc6 16. Bxc6
Rb8 $11) 14... b4 15. Ne4 a5 ({Some players would sacrifice an exchange:} 15...
c3 16. bxc3 Ba6 17. c4 Nd7 18. Nfd2 c5 19. Nxc5 Nxc5 20. Bxa8 Rxa8 21. dxc5
Qxc5 22. Nb3 Qxe5 $44) 16. Rfc1 Ba6 17. Qe3 Nd7 18. Nfd2 Nb6 19. Nc5 $6 ({
A very smart choice was} 19. Rab1 $5 Nxa4 $140 20. Nxc4 $14) 19... Nd5 20. Qe4
c3 21. bxc3 Nxc3 22. Qxc6 Rfc8 (22... Ne2+ {promised good chances:} 23. Kh1
Nxc1 24. Nxa6 Bxe5 25. Rxc1 Bxd4 $17) 23. Nxa6 Ne2+ $2 ({Still it was possible
to fight for the advantage:} 23... Bxe5 24. Qb7 Qd8 25. Nf3 Bxd4 $15) 24. Kf1
$16 Nxc1 25. Rxc1 ({Here an incredible move could possibly make Pogonina
European Champion!} 25. Qc5 $3 Qxc5 (25... Qd8 $142 26. Bxa8 Bb8 27. Bc6 $16)
26. Nxc5 Rab8 27. Rxc1 $18) (25. Nxc7 $145 Ra7 26. Qxc1 $16 {/+-}) 25... Bd8
26. Qxc8 Rxc8 27. Rxc8 Qd7 28. Rxd8+ ({It would be very difficult to handle
the advantage after} 28. Rc4 Qxa4 29. Ke2 Qb5 30. Nc5 a4 31. Be4 $16) 28...
Qxd8 29. Nb3 f6 30. exf6 gxf6 31. Ke1 $2 {This wrong move allows equalisation
after the central counter-strike.} ({The correct way was} 31. Nac5 e5 32. Ke2
$1 exd4 33. Kd3 Qe7 34. Be4 {and Dzagnidze would have still a long fight for
her title.}) 31... e5 $1 32. dxe5 Qd3 33. Nac5 Qc3+ 34. Ke2 Qxe5+ 35. Kd2 Qb2+
36. Ke3 Qe5+ 37. Kd2 Qb2+ 1/2-1/2

[Event "EU-ch 19th"]
[Site "Batumi"]
[Date "2018.03.21"]
[Round "5"]
[White "Ponkratov, Pavel"]
[Black "Navara, David"]
[Result "1/2-1/2"]
[WhiteElo "2613"]
[BlackElo "2737"]
[Annotator "Mikhalchishin,A"]
[PlyCount "63"]
[EventDate "2018.03.17"]
[EventType "swiss"]
[EventRounds "11"]
[EventCountry "GEO"]
[SourceTitle "CBM 184"]
[Source "ChessBase"]
[SourceDate "2018.05.16"]
[SourceVersion "1"]
[SourceVersionDate "2018.05.16"]
[SourceQuality "1"]

1. d4 Nf6 2. Nf3 e6 3. g3 c5 4. Bg2 cxd4 5. Nxd4 d5 6. c4 e5 7. Nf3 d4 8. O-O
Nc6 9. e3 Be7 10. exd4 exd4 11. a3 $5 ({A new way - usually White was
satisfied here with the variation} 11. Bf4 O-O 12. Ne5 Nxe5 13. Bxe5 Bc5 14.
Nd2 Re8 (14... Ng4 15. Bf4 g5 (15... Ne3 $2 16. fxe3 dxe3 17. Qh5 $16) 16. Nb3
gxf4 17. Nxc5 fxg3 18. hxg3 $16) 15. Bxf6 Qxf6 16. Nb3 (16. Ne4 $5 Qe5 17. Qd2
Bf5 18. Rfe1 $14) 16... Qb6 17. Qd3 $1 $146 (17. Qh5 $6) 17... Rb8 (17... Bg4
18. Rfe1 Rxe1+ 19. Rxe1 Rb8 20. Re5 $16) 18. Rfe1 (18. Nxc5 Qxc5 19. Rad1 Be6
20. Qxd4 Qxc4 21. Qxa7 Qxa2 $11) 18... Be6 19. Re5 $5 {Mikhalchishin,A (2530)
-Sax,G (2525) Bled 1998, White controls the centre.}) 11... Be6 ({It is
logical to stop space activity with} 11... a5 12. b3 (12. Bf4 O-O 13. Ne5 Qb6
14. Re1 Be6 15. Nd2 Rfd8 16. Nd3 a4 17. Rc1 h6 18. c5 Qb5 19. Ne4 Nd5 20. Bd6
Qa6 21. Bxe7 Ndxe7 22. Nd6 Nf5 23. Ne4 Na5 24. Nb4 Qb5 25. g4 Nh4 26. Nd6 Qd7 {
Melkumyan,H (2622)-Perunovic,M (2622) Berlin 2015, play is unclear}) 12... O-O
13. Bb2 Bc5 14. b4 axb4 15. axb4 Rxa1 16. Bxa1 Nxb4 17. Bxd4 b6 18. Nc3 Be6 19.
Bxc5 bxc5 20. Qxd8 Rxd8 21. Na4 Rc8 {1/2 (27) Ilivitzki,G-Keres,P Moscow 
(Russia) 1948}) 12. b4 $1 {Interesting home preparation by Ponkratov.} (12. b3
Qd7 13. Bb2 Rd8 14. Nbd2 a5 15. Re1 O-O 16. Ne5 (16. Ng5 Bg4 17. Bf3 Bf5 18.
Bg2 d3 19. Bxc6 bxc6 20. Ngf3 Bc5 $15) 16... Nxe5 17. Rxe5 Qc7 18. Re1 (18. Nf3
d3 19. Qd2 a4 20. b4 Ng4 21. Re4 Bf6 22. Nd4 Bd7 23. Rae1 b6 24. Rc1 {Kaidanov,
G (2569)-Christiansen,L (2586) Saint Louis 2011, and the d3-pawn causes
problems.}) 18... Bc5 19. Qf3 Rd7 20. h3 Rfd8 21. g4 $2 (21. Qd3) 21... h6 (
21... a4 22. b4 Bd6 23. c5 Bf4) 22. Bf1 Ba7 23. Bd3 Bb8 24. Nf1 Nh7 25. Ng3 (
25. Bxh7+ Kxh7 26. a4) 25... Ng5 26. Qg2 Qb6 27. Bc1 Qxb3 28. Bxg5 hxg5 $2 (
28... Qxd3 $17) 29. Qe4 {Ozturk,K (2239)-Kosintseva,T (2526) Mardin 2011, play
is very unclear.}) 12... Bxc4 13. Re1 O-O 14. Nbd2 Bd5 15. Bb2 Qb6 (15... Re8 {
is the engine's recommendation.}) 16. Rc1 Rfe8 ({White could get just a
minimal advantage after} 16... a5 17. Nxd4 Bxg2 18. Nc4 Qd8 19. Kxg2 axb4 20.
Nxc6 bxc6 21. Qxd8 Bxd8 22. axb4) 17. Nxd4 Bxb4 $2 (17... Bxg2 18. Nc4 Qd8 19.
Kxg2 Qd5+ 20. f3 $14) (17... Nxd4 18. Bxd5 Nxd5 19. Nc4 Qb5 $13) 18. Bxd5 {
Although leading to a clear advantage in the engine's evaluation, the move
gives Black the chance to save himself.} (18. Rxe8+ $142 $1 Rxe8 19. Bxd5 Bxd2
(19... Nxd5 $2 20. Nc4 Re1+ 21. Qxe1 $18) (19... Nxd4 20. Nc4 Ne2+ 21. Qxe2
Rxe2 22. Nxb6 Rxb2 23. axb4 g6 24. Nc4 Rxb4 25. Bf3 $18) 20. Qxd2 Nxd5 21. Nf5
$16) 18... Rxe1+ 19. Qxe1 Nxd4 $1 (19... Bxd2 20. Qxd2 Nxd5 21. Nf5 $16) 20.
axb4 Nxd5 21. Qe5 Ne6 22. Qxd5 Rd8 23. Qe5 Rxd2 24. Rc8+ Rd8 25. Bd4 $1 Rxc8
26. Bxb6 axb6 27. Qd6 Rc6 28. Qd7 (28. Qb8+ Nf8 29. Qxb7 Rf6 30. h4 h5 31. Kg2
g6 32. f3 Re6 33. g4 hxg4 34. fxg4 g5 35. h5 Kg7 36. Qd5 Nh7 $44) 28... Rc4 29.
Qe8+ Nf8 30. Qb5 Rc6 31. h4 h6 32. Kg2 1/2-1/2

[Event "Wch U20 56th"]
[Site "Tarvisio"]
[Date "2017.11.21"]
[Round "8"]
[White "Kantor, Gergely"]
[Black "Tin, Jingyao"]
[Result "1-0"]
[WhiteElo "2514"]
[BlackElo "2404"]
[Annotator "Mikhalchishin,A"]
[PlyCount "49"]
[EventDate "2017.11.13"]
[EventType "swiss"]
[EventRounds "11"]
[EventCountry "ITA"]
[SourceTitle "CBM 182"]
[Source "ChessBase"]
[SourceDate "2018.01.17"]
[SourceVersion "1"]
[SourceVersionDate "2018.01.17"]
[SourceQuality "1"]

1. d4 Nf6 2. c4 e6 3. g3 c5 4. Nf3 cxd4 5. Nxd4 d5 6. Bg2 e5 7. Nf3 d4 8. O-O
Nc6 9. e3 Be7 ({Garry Kasparov preferred} 9... Bc5) 10. exd4 exd4 11. Bf4 O-O {
The main move, but there are some other playable options:} (11... Be6 12. Ne5 (
12. Nbd2 O-O 13. Re1 Re8 14. a3 a5 15. Ne5 Ra6 16. Nb3 Nxe5 17. Bxe5 Bxc4 18.
Nxd4 Bd5 19. Nf5 Bf8 20. Bxd5 {]} Nxd5 (20... Qxd5 21. Qxd5 Nxd5 22. Rad1) 21.
Qd4 Rae6 22. Rad1 Qg5 {Oparin,G (2606)-Moroni,L (2506) Tarvisio (Italy) 2017,
with unpleasant pressure.}) 12... Rc8 13. Nxc6 bxc6 14. Be5 d3 15. Nd2 O-O 16.
Bc3 Qb6 17. Ne4 (17. Rb1 Bb4 18. Bxf6 gxf6 19. a3 Bxd2 20. Qxd2 Rfd8) 17...
Nxe4 18. Bxe4 Rfd8 19. Qh5 h6 20. Rad1 Bb4 {Zhu,Y (2432)-Macovei,A (2343)
Tarvisio (Italy) 2017, with equality.}) 12. Ne5 Qb6 (12... Nxe5 {is much
weaker:} 13. Bxe5 Bc5 14. Nd2 Re8 (14... Ng4 15. Bf4 g5 16. Nb3 gxf4 17. Nxc5
fxg3 18. hxg3 $16) 15. Bxf6 Qxf6 16. Nb3 Qb6 17. Qd3 $1 Rb8 (17... Bg4 18. Rfe1
Rxe1+ 19. Rxe1 Rb8 20. Re5 $16) 18. Rfe1 Be6 19. Re5 $5 Be7 20. Rc1 $1 {
Mikhalchishin,A (2530)-Sax,G (2525) Bled 1998, with the initiative.}) 13. Re1 (
{Nothing real was promised by the previously widely tested} 13. Qb3 Na5 14.
Qxb6 axb6 15. Nd2 Nh5 16. Nb3 Bf6 17. Nxa5 Nxf4 18. gxf4 Rxa5 19. Bd5 (19. Rfe1
) 19... Be6 20. Bxe6 Bxe5 21. Bd5 Bxf4 22. Rfd1 {1/2 (22) Andreikin,D (2650)
-Tomashevsky,E (2708) Biel 2010}) 13... Be6 14. Nd2 Rac8 15. Qb3 Nh5 16. Nxc6 (
{Here a blocking strategy has also been tried:} 16. Nd3 Nb4 $2 (16... Nxf4 17.
Nxf4 Bb4 18. Nxe6 fxe6 19. Qd3 $14) (16... Qxb3 $1 17. Nxb3 (17. axb3 Nb4 18.
Nxb4 Bxb4 $15) 17... Nb4 18. Nxb4 Bxb4 $11) 17. Be5 Rfd8 18. Bf3 Nf6 19. Bxf6
gxf6 20. Nf4 d3 21. Nxe6 fxe6 22. c5 Qxc5 23. Qxe6+ Kf8 24. Bh5 {1-0 (24)
Nielsen,P (2626)-Stefansson,H (2574) Hersonissos 2007 Inf 101}) 16... bxc6 17.
Be5 Qa5 $2 {Too aggressive.} ({A much better try was} 17... Rfd8 18. Rad1 Bf6
19. Qxb6 axb6 20. Nb3 Bxe5 21. Rxe5 c5 22. Nd2 Nf6 23. b3 h6 24. h3 Kf8 25. f4
Nd7 26. Ree1 Nb8 27. g4 Bd7 28. Nf3 Nc6 29. Ne5 Nxe5 30. Rxe5 f6 {1/2 (30)
Nielsen,P (2668)-Beliavsky,A (2599) Sant Lluis 2005}) 18. Qd1 $1 g6 (18... Nf6
19. Nb3 Qa6 20. Nxd4 Bxc4 21. Nf5 $16) 19. Nb3 Qa6 20. Nxd4 Rfd8 (20... Bc5 21.
Nxe6 fxe6 22. Re2 Qxc4 23. Rc1 Rcd8 24. Qe1 Qb5 25. Rec2 $16) 21. Qf3 Rxd4 (
21... Bd7 22. g4 $18) 22. Bxd4 c5 23. Bc3 Qxc4 24. Qb7 Bd6 25. Rad1 1-0